| 000 | 01087aam a2200337 i 4500 | ||
|---|---|---|---|
| 999 |
_c35876 _d35876 |
||
| 001 | 768714001 | ||
| 003 | CO-MdFUSB | ||
| 005 | 20201006091549.0 | ||
| 007 | ta | ||
| 008 | 201006t1993 mx |||| |||| 00| 0 spa d | ||
| 020 | _a1560634685 | ||
| 040 |
_bspa. _aCO-MdFUSB _cCO-MdFUSB _dCO-MdFUSBC _erda |
||
| 041 | _aspa | ||
| 082 | 0 | 4 |
_223 _a248.2 _b A5451r |
| 100 | 1 |
_aAnderson, Neil T. (1942-) _eautor |
|
| 240 | _a The bondage breaker | ||
| 245 | 1 | 0 |
_aRompiendo las cadenas _c/ Neil T. Anderson ; traducido por Manuel López , Ruth López |
| 264 | 1 |
_aMéxico : _bUnilit, _c[1993] |
|
| 264 | 4 | _c© 1993 | |
| 300 |
_a233 Páginas _c; 21 cm |
||
| 336 |
_atexto _btxt _2rdacontent |
||
| 337 |
_2rdamedia _asin mediación _bn |
||
| 338 |
_2rdacarrier _avolumen _bnc |
||
| 505 | _a¡Animo! -- ¡Estad firmes! -- ¡Camine libremente! -- ¡Ayuda adicional! | ||
| 563 | _aRústico | ||
| 650 | 1 | 4 | _aGUERRA ESPIRITUAL \ DEMONOLOGIA \ VIDA CRISTIANA |
| 700 |
_94884 _aLópez, Manuel. _etraductor |
||
| 700 |
_94885 _aLópez, Ruth. _etraductor |
||
| 942 | _cBK | ||
| 945 | _aJTF-925 | ||